000 01015cam a2200325 i 4500
008
020 _a9780323392761 (paperback)
040 _aNUST
_cNUST
049 _aMAIN
090 _aRC76
_bMCG
100 1 _aMcGee, Steven R.,
_eauthor
245 1 0 _aEvidence-based physical diagnosis /
_cSteven McGee
250 _aFourth edition.
264 1 _aPhiladelphia, PA :
_bElsevier,
_c2018
300 _axvi, 736 pages :
_bcolour illustrations ;
_c22 cm.
336 _atext
_btxt
_2rdacontent
337 _aunmediated
_bn
_2rdamedia
338 _avolume
_bnc
_2rdacarrier
490 1 _aExpert consult
504 _aIncludes bibliographical references.
500 _aIncludes index.
650 1 2 _aPhysical Examination
_xmethods.
650 2 2 _aEvidence-Based Medicine
_xmethods.
650 0 _aPhysical diagnosis
650 0 _aEvidence-based medicine
907 _a.b10417527
_b12-01-23
_c06-05-22
003
005 20230120204355.0
942 _cBOOKS
_kRC76
_mMCG
999 _c122096
_d122096